THE ALL ENGLAND LAW REPORTS 2015 (Record no. 216274)

MARC details
000 -LEADER
fixed length control field 00477nam a22001457a 4500
008 - FIXED-LENGTH DATA ELEMENTS--GENERAL INFORMATION
fixed length control field 251125b |||||||| |||| 00| 0 eng d
020 ## - INTERNATIONAL STANDARD BOOK NUMBER
International Standard Book Number 978-1-4067-9690-3
100 ## - MAIN ENTRY--PERSONAL NAME
Personal name WIDDICOMBE, KAREN
245 ## - TITLE STATEMENT
Title THE ALL ENGLAND LAW REPORTS 2015
260 ## - PUBLICATION, DISTRIBUTION, ETC.
Place of publication, distribution, etc. LONDON
Name of publisher, distributor, etc. LEXISNEXIS
Date of publication, distribution, etc. 2015
300 ## - PHYSICAL DESCRIPTION
Extent XIX, 1174P.
650 ## - SUBJECT ADDED ENTRY
Topical term or geographic name entry element 1. LAW REPORTS, DIGESTS, ETC - ENGLAND AND WALES 2.LAW -ENGLAND AND WALES - CASES 3. COURTS -ENGLAND AND WALES
942 ## - ADDED ENTRY ELEMENTS (KOHA)
Source of classification or shelving scheme Library of Congress Classification
Koha item type Reference
Holdings
Withdrawn status Lost status Source of classification or shelving scheme Damaged status Not for loan Collection Home library Current library Shelving location Date acquired Inventory number Total checkouts Full call number Barcode Date last seen Copy number Price effective from Koha item type
    Library of Congress Classification     Law Kisii University Library Kisii University Library On Display 11/25/2025 110123   KD 288 .A45 2015 000000002938 11/25/2025 C.1 11/25/2025 Reference
    Library of Congress Classification     Law Kisii University Library Kisii University Library On Display 11/25/2025 110124   KD 288 .A45 2015 000000002937 11/25/2025 C.2 11/25/2025 Reference
    Library of Congress Classification     Law Kisii University Library Kisii University Library On Display 11/25/2025 110125   KD 288 .A45 2015 000000002936 11/25/2025 C.3 11/25/2025 Reference
    Library of Congress Classification     Law Kisii University Library Kisii University Library On Display 11/25/2025 110126   KD 288 .A45 2015 000000002935 11/25/2025 C.4 11/25/2025 Reference